Normal view
MARC view
Entry Personal Name
001 - CONTROL NUMBER
- control field: 43016
003 - CONTROL NUMBER IDENTIFIER
- control field: OSt
005 - DATE AND TIME OF LATEST TRANSACTION
- control field: 20230524205157.0
008 - FIXED-LENGTH DATA ELEMENTS
- fixed length control field: 230524|| aca||aabn | a|a d
040 ## - CATALOGING SOURCE
- Original cataloging agency: OSt
- Transcribing agency: OSt
100 ## - HEADING--PERSONAL NAME
- Personal name: "Pannala Krishna Murthy,& J.Amarnath"
670 ## - SOURCE DATA FOUND
- Source citation: Work cat.: (OSt)57959: S.Kamakshaiah, Electrical Mesurments and Mesuring Instruments, 2015
